[Event "47th GER-ch Blitz 2020"]
[Site "Magdeburg"]
[Date "2020.08.15"]
[Round "20.2"]
[White "Muranyi, Karl-Jasmin"]
[Black "Stein, Robert"]
[Result "1-0"]
[WhiteElo "2331"]
[BlackElo "2325"]
[Annotator "TA"]
[PlyCount "141"]
[EventDate "2020.07.28"]
[EventType "tourn"]
[EventCountry "GER"]
[SourceTitle "playchess.com"]
[Source "ChessBase"]
[SourceQuality "1"]

{[%evp 9,141,-13,-7,-27,14,11,15,4,77,78,89,31,83,-6,80,72,75,63,104,58,62,31,29,12,15,0,14,14,25,21,27,27,27,-6,0,0,-8,-64,-53,-52,38,50,42,55,97,0,0,-42,-39,-33,0,0,0,0,0,0,14,14,27,14,14,14,53,54,106,106,106,106,118,3,1207,4,4,4,81,49,64,29,79,79,76,18,21,20,115,80,383,297,461,454,382,118,375,336,296,145,425,416,464,453,438,383,475,476,401,388,610,509,406,392,375,0,378,378,29979,29978,29973,4602,1715,1665,1068,1177,1454,1437,29980,29977,29981,29982,29982,29981,29983,29984,29984,29985]} 1. d4 d5 2. Nf3 Nf6 3. c3 c5 4. dxc5 a5 5. a4 {[#]} Nc6 $146 ({Predecessor:} 5... e6 6. b4 b6 7. b5 Bxc5 8. Ba3 Nbd7 9. e3 O-O 10. Be2 Bb7 11. O-O Rc8 12. Bb2 {½-½ (56) Sanchez,C (1932)-Del Rosario Moreno,C (2057) Santo Domingo 2015}) 6. Nbd2 {D02: 1 d4 d5 2 Nf3 sidelines, including 2...Nf6 3 g3 and 2...Nf6 3 Bf4.} e6 7. Nb3 Ne4 8. Be3 {The position is equal.} Nb8 (8... Be7 $11) 9. Nfd2 $16 Nf6 10. c4 (10. Bg5 $16) 10... Na6 (10... e5 $14) 11. g3 (11. Bd4 $1 $16) 11... Qc7 (11... Ng4 $11 {keeps the balance.}) 12. Bg2 Nxc5 13. cxd5 {Strongly threatening Rc1.} Nxd5 14. Bxd5 exd5 15. Nxc5 Bxc5 16. Bxc5 Qxc5 17. Rc1 Qb4 18. Qb3 Bh3 19. Qxb4 axb4 20. b3 Kd7 21. f3 Rhc8 22. Kf2 Rc3 23. Rxc3 (23. g4 $11) 23... bxc3 $11 {[%mdl 4096] Endgame KRB-KRN} 24. Nb1 c2 (24... d4 $1 $15 25. Na3 Be6) 25. Na3 $1 $14 Rc8 26. Rc1 Bf5 27. Ke3 (27. Nb5 $16) 27... Rc3+ $1 $11 28. Kd4 Rxb3 29. Nxc2 Bxc2 (29... Kd6 {feels hotter.} 30. Ne3 Be6 31. Nc2 Rb2 32. Ke3 Bd7) 30. Rxc2 $15 {KR-KR} Kd6 31. Ra2 Rb4+ 32. Kd3 f5 33. a5 Rb3+ 34. Kd4 Rb4+ 35. Ke3 Rc4 36. h4 g6 (36... Rb4 $14) 37. a6 $16 bxa6 38. Rxa6+ Rc6 39. Ra7 (39. Rxc6+ $16 Kxc6 40. Kf4) 39... Rc7 $2 {[%mdl 8192]} (39... h5 $11) 40. Ra8 $2 (40. Rxc7 $18 Kxc7 41. Kf4) 40... Re7+ $11 41. Kd3 Ke6 (41... Ke5 $11) 42. Kd4 Kf6 43. e3 Rb7 44. Ra6+ Kg7 45. Re6 ({Better is} 45. Kxd5 $16 Rb3 46. Kd4) 45... Rb5 46. Re7+ Kg8 (46... Kf6 $11 47. Rxh7 Rb1) 47. Rd7 {Black is on the road to losing.} Kh8 $2 {[%mdl 8192]} (47... Rb3 $16 {is tougher.}) 48. Ke5 Rb3 (48... Kg8 {keeps fighting.} 49. Rxd5 Rb3 50. Rd8+ Kf7) 49. Kf6 $18 {[%cal Rd7d8]} Rb6+ 50. Kg5 $2 (50. Kf7 $18 {[%cal Rd7d8] is the precise move to win.} Rb8 51. g4 (51. Rxd5 Rb7+ 52. Kf6 Rb6+ 53. Kg5 Re6 $18)) 50... Re6 $2 {[%mdl 8192]} (50... Rb3 $16) 51. Kf4 Kg8 {[#]} 52. Rxd5 (52. h5 $1 $18 {and the rest is easy.}) 52... Kg7 $2 {[%mdl 8192]} (52... Re7 $16 53. e4 fxe4) 53. Rd7+ Kg8 54. e4 fxe4 55. fxe4 h6 56. e5 Ra6 {[#]} 57. Ke4 $1 {[%cal Re4d5]} Kh8 (57... Ra5 $142 58. e6 Kf8 59. Rf7+ Ke8) 58. Rd6 Ra4+ 59. Rd4 Ra6 60. Rd6 Ra4+ 61. Kd5 Rg4 $2 (61... Kg7 $18 62. Ke6 Ra3 63. Rd7+ Kf8) 62. e6 Kg7 63. Rd7+ (63. Rd8 $142 Ra4 64. e7 Ra5+ 65. Kc4 Ra4+ 66. Kd5 Ra5+ 67. Kc4 Ra4+ 68. Kd5) 63... Kf8 64. Rf7+ Ke8 65. Rf3 Ke7 66. Ke5 Ke8 67. Kf6 {White mates.} Re4 68. Ra3 {[%cal Ra3a8]} Kd8 69. Ra8+ Kc7 70. e7 Kd7 71. Rd8+ {Accuracy: White = 58%, Black = 36%.} 1-0

[Event "47th GER-ch Blitz 2020"]
[Site "Magdeburg"]
[Date "2020.08.15"]
[Round "20.3"]
[White "Braeuning, Rudolf Wilhelm"]
[Black "Schoewel, Matthias"]
[Result "1-0"]
[WhiteElo "2244"]
[BlackElo "2218"]
[Annotator "TA"]
[PlyCount "65"]
[EventDate "2020.07.28"]
[EventType "tourn"]
[EventCountry "GER"]
[SourceTitle "playchess.com"]
[Source "ChessBase"]
[SourceQuality "1"]

{[%evp 9,65,-39,11,13,17,22,33,33,41,39,42,50,47,43,53,39,63,46,57,52,56,52,52,26,27,20,34,31,29,31,43,16,21,4,10,7,16,0,0,0,55,56,52,0,118,87,159,152,654,682,1785,528,1523,520,732,728,29983,29984]} 1. e4 e5 2. a3 Nc6 3. Nf3 Be7 4. Nc3 Nf6 5. g3 {[#]} d6 $146 ({Predecessor:} 5... O-O 6. Bg2 b6 7. h3 d6 8. O-O Bd7 9. d3 Qc8 10. Bg5 Bxh3 11. Nh2 Bg4 12. f3 Bd7 {1-0 (46) Arjunan,Z (725)-Datharam,A (793) Cape Town 2016}) 6. Bg2 {C47: Scotch Four Knights and Four Knights with 4 g3.} Bg4 7. h3 Be6 8. d4 {White is slightly better.} exd4 9. Nxd4 Nxd4 10. Qxd4 O-O 11. O-O Qc8 12. Kh2 a6 13. Be3 c5 14. Qd2 Rb8 15. Bf4 Rd8 16. Qe3 b5 {[%cal Bb7b5,Bb5b4][%mdl 32]} 17. Rad1 b4 18. Nd5 Bxd5 $1 19. exd5 Re8 20. Rfe1 Bf8 21. Qb3 Rxe1 22. Rxe1 a5 23. Qa4 Qf5 24. Qxa5 g5 (24... bxa3 $11 25. bxa3 Qxc2) 25. Be3 $14 Nxd5 26. axb4 (26. Bxd5 $14 Qxd5 27. axb4) 26... Nxe3 ({Worse is} 26... Rxb4 27. Qd8 $16) (26... Nxb4 $11 {remains equal.} 27. Bd4 Qxc2) 27. Rxe3 $16 Qxf2 ({Better is} 27... Qxc2 28. Qc7 Rxb4) 28. Rf3 $36 {[%mdl 2048] White is on the roll.} Qxc2 $2 {[#] This move loses the game for Black.} (28... Qe2 $16) 29. Qc7 $18 Ra8 30. Qxf7+ Kh8 31. bxc5 (31. Rf2 $142 Qg6 32. Qxg6 hxg6 33. Bxa8) 31... dxc5 32. Rf2 {[%mdl 64] [#] Discovered Attack} Qa4 33. Bxa8 {Accuracy: White = 80%, Black = 62%.} 1-0

[Event "47th GER-ch Blitz 2020"]
[Site "Magdeburg"]
[Date "2020.08.15"]
[Round "20.4"]
[White "Bluebaum, Matthias"]
[Black "Berger, Steve"]
[Result "1-0"]
[WhiteElo "2647"]
[BlackElo "2408"]
[Annotator "TA"]
[PlyCount "43"]
[EventDate "2020.07.28"]
[EventType "tourn"]
[EventCountry "GER"]
[SourceTitle "playchess.com"]
[Source "ChessBase"]
[SourceQuality "1"]

{[%evp 14,43,29,27,29,23,26,15,21,13,20,14,28,-17,70,71,63,21,37,-30,0,0,0,-6,43,37,71,33,71,71,941,938]} 1. d4 d5 2. c4 dxc4 3. e4 Nf6 4. e5 Nd5 5. Bxc4 Nb6 6. Bd3 Nc6 7. Be3 Nb4 8. Be4 f5 {D20: Queen's Gambit Accepted: 3 e3 and 3 e4.} 9. a3 $1 {[%mdl 4] now scores much better than the old 9.exf6. Played by Liren Ding in June 2020.} N4d5 10. Bxd5 {[#]} Qxd5 $146 {The position is equal.} ({Predecessor:} 10... Nxd5 11. Nc3 Nxe3 12. fxe3 e6 13. Nge2 g6 14. Nf4 Bh6 15. Nce2 c6 16. h4 a5 {0-1 (56) Ding,L (2791)-Nakamura,H (2736) chess24.com INT 2020}) 11. Nf3 Be6 12. Nc3 Qd7 (12... Qb3 {keeps more tension.} 13. Qb1 Qc4 14. Ng5 Bd7 15. Qd1 e6) 13. Ng5 {aiming for d5.} O-O-O (13... Bc4 $1 $11) 14. Nxe6 Qxe6 15. a4 Nd5 16. a5 (16. O-O $14) 16... Qa6 (16... f4 $5 {[%cal Rf4e3]} 17. Bd2 Qa6 $14) 17. Qe2 $36 {[%mdl 2048] Black is under pressure.} Qxe2+ 18. Kxe2 e6 19. a6 b6 20. Nb5 Kb8 21. Rhc1 Nb4 $2 {[%mdl 8192] [#]} (21... Bb4 $16) 22. Rxc7 {Accuracy: White = 65%, Black = 45%.} 1-0

[Event "47th GER-ch Blitz 2020"]
[Site "Magdeburg"]
[Date "2020.08.15"]
[Round "20.5"]
[White "Weller, Manuel"]
[Black "Kopylov, Michael"]
[Result "1/2-1/2"]
[WhiteElo "2237"]
[BlackElo "2407"]
[Annotator "TA"]
[PlyCount "32"]
[EventDate "2020.07.28"]
[EventType "tourn"]
[EventCountry "GER"]
[SourceTitle "playchess.com"]
[Source "ChessBase"]
[SourceQuality "1"]

{[%evp 17,32,17,26,0,0,0,13,19,94,85,100,62,36,59,93,79,97]} 1. c4 f5 2. g3 Nf6 3. Bg2 g6 4. Nc3 Bg7 5. e3 O-O 6. Nge2 d6 7. O-O Nc6 8. Rb1 a5 9. a3 e5 10. b4 {A21: English Opening: 1...e5 2 Nc3.} axb4 11. axb4 Ne7 12. b5 {[#] The position is equal.} e4 $146 (12... c6 $11) ({Predecessor:} 12... c6 13. d3 Be6 14. bxc6 bxc6 15. Rb7 Nd7 16. Na4 Qa5 17. Nb6 Ra7 18. Bd2 Qa6 19. Rxa7 Qxa7 20. Nxd7 Bxd7 {1-0 (37) Andreikin,D (2686)-Anisimov,P (2532) Olginka 2011}) 13. d3 $16 exd3 14. Nf4 g5 15. Nxd3 Ng6 16. Bb2 f4 1/2-1/2

[Event "47th GER-ch Blitz 2020"]
[Site "Magdeburg"]
[Date "2020.08.15"]
[Round "20.6"]
[White "Voege, Tobias"]
[Black "Hess, Max"]
[Result "0-1"]
[WhiteElo "2326"]
[BlackElo "2378"]
[Annotator "TA"]
[PlyCount "90"]
[EventDate "2020.07.28"]
[EventType "tourn"]
[EventCountry "GER"]
[SourceTitle "playchess.com"]
[Source "ChessBase"]
[SourceQuality "1"]

{[%evp 14,89,11,10,54,47,42,-29,32,45,37,31,43,0,20,17,24,0,0,0,87,85,116,122,153,102,234,196,179,172,263,250,253,233,409,408,396,398,377,381,358,260,261,263,255,225,223,157,240,159,167,174,278,173,268,280,349,349,302,154,553,545,537,530,656,577,577,574,643,577,983,560,1086,978,2971,2588,2016,-29999]} 1. d4 Nf6 2. c4 g6 3. Nc3 Bg7 4. Nf3 O-O 5. Bg5 h6 6. Bh4 c5 7. d5 {now scores much better than the old 7.e3.} d6 8. e3 b5 {E61: King's Indian: Early deviations for White, including Smyslov System.} 9. cxb5 a6 10. bxa6 (10. Nd2 $14) 10... Bxa6 (10... Qa5 $11) 11. Bxa6 $14 Nxa6 12. O-O Qa5 13. Nd2 Qb4 14. Bxf6 Bxf6 15. Qc2 Rfb8 16. Rab1 Rb7 (16... Qb7 $11) 17. a3 $36 {[%mdl 2048] Keeping Black busy.} Qa5 18. Nc4 Qc7 19. f4 (19. Ne4 $142) 19... Rab8 (19... Nb8 $16 {was called for.}) 20. e4 Bd4+ 21. Kh1 Qd7 (21... Rb3 {is a better defense.} 22. Ne2 Bg7) 22. Na5 Rc7 23. Nc6 Re8 $2 (23... Rb6 24. Qd3 Bxc3) 24. Nb5 $18 Rcc8 25. Nbxd4 cxd4 26. b4 e6 27. Qd3 exd5 28. exd5 ({But not} 28. Nxd4 $6 Nc7 $16) 28... Nc7 29. Qxd4 Nxd5 30. Qxd5 Rxc6 (30... Qxc6 $16 31. Qxc6 Rxc6) 31. b5 Rc5 32. Qd3 Rec8 (32... d5 $142 33. f5 g5) 33. Rfd1 d5 (33... Rc3 $142 34. Qxd6 Qxd6 35. Rxd6 Rxa3) 34. a4 Qa7 35. Qd4 Qa5 {[#]} 36. Qb4 ({White should play} 36. f5 $1 $18 {[%mdl 512]} Qb6 (36... gxf5 37. b6) 37. fxg6 fxg6 38. Rf1) 36... Qd8 $2 (36... Qxb4 $16 {is tougher.} 37. Rxb4 Rc4 38. Rxc4 dxc4) 37. b6 {[%cal Bb5b6,Bb6b7][%mdl 32]} Rc4 38. Qb3 Rxf4 39. b7 Rb8 {If Black can now play ...Qc7 this consolidates a bit.} 40. Rxd5 Qe7 {intending ...Rxb7.} 41. h3 Re4 42. Qc2 Re2 43. Qc8+ {[%mdl 64] Double Attack} Kh7 44. Qxb8 Qe4 {[#]} 45. Rbd1 $4 {[%mdl 8192]} (45. Rg1 $3 $18 Qxd5 46. Qc7) 45... Qxg2# {Never resign too early! Accuracy: White = 52%, Black = 31%.} 0-1

[Event "47th GER-ch Blitz 2020"]
[Site "Magdeburg"]
[Date "2020.08.15"]
[Round "20.7"]
[White "Holtel, Jasper"]
[Black "Siebarth, Raiko"]
[Result "0-1"]
[WhiteElo "2305"]
[BlackElo "2333"]
[Annotator "RC"]
[PlyCount "122"]
[EventDate "2020.07.28"]
[EventType "tourn"]
[EventCountry "GER"]
[SourceTitle "playchess.com"]
[Source "ChessBase"]
[SourceQuality "1"]
[TimeControl "180+2"]

1. e4 {[%emt 0:00:00]} c5 {[%emt 0:00:00]} 2. d4 {[%emt 0:00:01]} cxd4 {[%emt 0:00:00]} 3. c3 {[%emt 0:00:01]} Nf6 {[%emt 0:00:00]} 4. e5 {[%emt 0:00:01]} Nd5 {[%emt 0:00:00]} 5. Nf3 e6 6. cxd4 {[%emt 0:00:04]} b6 {[%emt 0:00:01]} 7. a3 {[%emt 0:00:03]} Bb7 {[%emt 0:00:01]} 8. Bd3 {[%emt 0:00:03]} d6 {[%emt 0:00:03]} 9. O-O {[%emt 0:00:02]} Nd7 {[%emt 0:00:01]} 10. Nbd2 {[%emt 0:00:12]} h6 {[%emt 0:00:38]} 11. Ne4 {[%emt 0:00:04]} dxe5 {[%emt 0:00:01]} 12. dxe5 {[%emt 0:00:03]} Rc8 {[%emt 0:00:12]} 13. b4 {[%emt 0:00:07]} Be7 {[%emt 0:00:09]} 14. Bb2 {[%emt 0:00:05]} O-O {[%emt 0:00:03]} 15. Rc1 {[%emt 0:00:28]} Nf4 {[%emt 0:00:10]} 16. Bb1 {[%emt 0:00:05]} Rxc1 {[%emt 0:00:05]} 17. Bxc1 {[%emt 0:00:06]} Ng6 {[%emt 0:00:01]} 18. Bb2 {[%emt 0:00:07]} Qc7 {[%emt 0:00:01]} 19. Qd4 {[%emt 0:00:21]} Rd8 {[%emt 0:00:10]} 20. Rc1 {[%emt 0:00:07]} Qb8 {[%emt 0:00:01]} 21. Nd6 {[%emt 0:00:25]} Ndxe5 {[%emt 0:00:32]} 22. Nxe5 {[%emt 0:01:02]} Bxd6 {[%emt 0:00:11]} 23. Bxg6 {[%emt 0:00:10]} fxg6 {[%emt 0:00:18]} 24. Kh1 {[%emt 0:00:05]} Bxe5 {[%emt 0:00:25]} 25. Qxe5 {[%emt 0:00:01]} Qxe5 {[%emt 0:00:01]} 26. Bxe5 {[%emt 0:00:02]} Rd2 {[%emt 0:00:01]} 27. f3 {[%emt 0:00:03]} Re2 {[%emt 0:00:02]} 28. Bd4 {[%emt 0:00:05]} e5 {[%emt 0:00:03]} 29. Bc3 {[%emt 0:00:01]} e4 {[%emt 0:00:03]} 30. Re1 {[%emt 0:00:03]} Rc2 {[%emt 0:00:08]} 31. Bd4 {[%emt 0:00:01]} exf3 {[%emt 0:00:02]} 32. gxf3 {[%emt 0:00:01]} Bxf3+ {[%emt 0:00:01]} 33. Kg1 {[%emt 0:00:01]} Rg2+ {[%emt 0:00:04]} 34. Kf1 {[%emt 0:00:00]} Rd2 {[%emt 0:00:05]} 35. Ba1 {[%emt 0:00:05]} Kf7 {[%emt 0:00:03]} 36. Re3 {[%emt 0:00:01]} Bd5 {[%emt 0:00:02]} 37. Bc3 {[%emt 0:00:01]} Rxh2 {[%emt 0:00:03]} 38. Kg1 {[%emt 0:00:02]} Rg2+ {[%emt 0:00:01]} 39. Kf1 {[%emt 0:00:01]} Ra2 {[%emt 0:00:02]} 40. Bd4 {[%emt 0:00:05]} g5 {[%emt 0:00:03]} 41. Re5 {[%emt 0:00:01]} Bc4+ {[%emt 0:00:01]} 42. Ke1 {[%emt 0:00:01]} g4 {[%emt 0:00:05]} 43. Re4 {[%emt 0:00:03]} h5 {[%emt 0:00:03]} 44. Rf4+ {[%emt 0:00:03]} Kg6 {[%emt 0:00:01]} 45. Re4 {[%emt 0:00:03]} Rxa3 {[%emt 0:00:07]} 46. Re5 {[%emt 0:00:02]} g3 {[%emt 0:00:04]} 47. Be3 {[%emt 0:00:01]} h4 {[%emt 0:00:03]} 48. Rg5+ {[%emt 0:00:01]} Kf6 {[%emt 0:00:02]} 49. Rg4 {[%emt 0:00:02]} Rxe3+ {[%emt 0:00:01]} 50. Kd2 {[%emt 0:00:00]} Re2+ {[%emt 0:00:02]} 51. Kc3 {[%emt 0:00:01]} b5 {[%emt 0:00:03]} 52. Rf4+ {[%emt 0:00:04]} Kg5 {[%emt 0:00:02]} 53. Rf8 {[%emt 0:00:03]} g2 {[%emt 0:00:01]} 54. Rf3 {[%emt 0:00:04]} g1=Q {[%emt 0:00:04]} 55. Rf5+ {[%emt 0:00:03]} Kg4 {[%emt 0:00:09]} 56. Rf4+ {[%emt 0:00:01]} Kh3 {[%emt 0:00:02]} 57. Rxh4+ Kg2 58. Rg4+ {[%emt 0:00:02]} Kf1 {[%emt 0:00:01]} 59. Rf4+ {[%emt 0:00:04]} Rf2 {[%emt 0:00:02]} 60. Rf5 {[%emt 0:00:03]} Qg3+ {[%emt 0:00:02]} 61. Kd4 {[%emt 0:00:01]} Rxf5 {[%emt 0:00:02]} 0-1

[Event "47th GER-ch Blitz 2020"]
[Site "Magdeburg"]
[Date "2020.08.15"]
[Round "20.8"]
[White "Langrock, Hannes"]
[Black "Schneider, Ilja"]
[Result "0-1"]
[WhiteElo "2346"]
[BlackElo "2479"]
[Annotator "TA"]
[PlyCount "86"]
[EventDate "2020.07.28"]
[EventType "tourn"]
[EventCountry "GER"]
[SourceTitle "playchess.com"]
[Source "ChessBase"]
[SourceQuality "1"]

{[%evp 11,86,7,9,7,9,9,7,7,7,9,19,7,9,7,18,-14,-24,-18,14,-32,-2,-12,0,0,6,8,15,-154,-156,-160,-104,-306,-156,-394,-393,-391,-376,-373,-321,-310,-244,-394,-393,-410,-400,-472,-459,-454,-344,-352,-353,-488,-490,-497,-491,-493,-421,-461,-472,-513,-481,-497,-497,-497,-483,-483,-481,-576,-568,-606,-551,-555,-556,-566,-540,-510,-493]} 1. d4 d5 2. c4 c6 3. cxd5 cxd5 4. Bf4 Nc6 5. e3 Nf6 6. Nc3 Bg4 {6...Bf5 gains popularity.} 7. Qb3 {D10: Slav Defence: 3 cxd5 (without early Nf3) and 3 Nc3.} Na5 8. Qa4+ (8. Qc2 {with more complications.} e6 9. Bd3 Be7 10. Qa4+ Nc6 11. Nge2) 8... Bd7 9. Qc2 {Black should prevent Nb5.The position is equal.} e6 10. Nf3 Be7 11. h3 Rc8 12. Bd3 b5 {[%cal Bb7b5,Bb5b4][%mdl 32] [#] And now ...b4 would win.} 13. Qe2 b4 $36 {[%mdl 2048] Black has the initiative.} 14. Nd1 $1 {[#]} O-O $146 ({Predecessor:} 14... Nc4 15. O-O O-O 16. Ne5 Bb5 17. f3 Qb6 18. Nf2 Nd7 19. Nxd7 Bxd7 20. Rac1 Bb5 21. Rfd1 Rc6 {0-1 (32) Hevesi,Z (2230)-Videki,S (2405) Sarospatak 1994}) 15. O-O Qb6 16. Ne5 Rfd8 17. Nxd7 Rxd7 18. Ba6 Ra8 19. a3 $2 ({Better is} 19. b3 $11) 19... Nb3 $17 20. Rb1 Ne4 {aiming for ...Ned2.} 21. Qb5 $2 (21. Bb5 $17 Rdd8 22. Bd3 bxa3 23. Bxe4) 21... Rdd8 ({Black should play} 21... Ned2 $19 22. axb4 Nxf1 23. Qxb6 axb6 24. Bxf1 Bxb4) 22. f3 $2 {White does not recover from this.} (22. axb4 $17 Nbd2 23. Ra1) 22... Ned2 $19 23. Nf2 Nxf1 ({Much less strong is} 23... Nxb1 24. Rxb1 Bd6 25. Bxd6 $19) 24. Rxf1 Qxb5 25. Bxb5 Rac8 ({But not} 25... bxa3 26. bxa3 Bxa3 27. Bc7 $19) 26. Ba4 (26. axb4 $142 Bxb4 27. Nd3) 26... Nd2 27. Rd1 Nc4 28. Nd3 bxa3 29. bxa3 Bxa3 30. Ra1 Bd6 31. Bb5 Bxf4 {Black is clearly winning.} 32. exf4 Nd6 33. Ba6 Rb8 34. Ne5 {If only White now had time for Nc6....} Rb6 35. Bd3 {[#]} a6 $1 36. Rxa6 Rxa6 37. Bxa6 {[%mdl 4096] Endgame KRN-KBN} Nf5 38. Nc6 Ra8 39. Bb5 Ra1+ 40. Kh2 Rb1 41. Bd3 Rc1 42. Bxf5 Rxc6 43. Bd3 Rc3 {Accuracy: White = 46%, Black = 75%.} 0-1

[Event "47th GER-ch Blitz 2020"]
[Site "Magdeburg"]
[Date "2020.08.15"]
[Round "20.9"]
[White "Siebrecht, Sebastian"]
[Black "Svane, Frederik"]
[Result "0-1"]
[WhiteElo "2429"]
[BlackElo "2421"]
[Annotator "TA"]
[PlyCount "90"]
[EventDate "2020.07.28"]
[EventType "tourn"]
[EventCountry "GER"]
[SourceTitle "playchess.com"]
[Source "ChessBase"]
[SourceQuality "1"]

{[%evp 19,90,4,0,0,3,-13,-4,-10,0,-29,-21,-19,-20,-22,-18,-19,0,0,0,-7,-10,-60,0,0,17,-2,77,79,81,83,89,72,90,80,75,52,214,52,373,51,56,14,0,39,7,-23,-31,-23,80,4,48,-4,0,-8,-8,-53,-27,-55,-53,-99,-90,-131,-8,-8,-8,-135,-135,-135,-127,-1097,-1051,-29982,-29983]} 1. Nf3 Nf6 2. c4 e6 3. d4 b6 4. Bg5 Bb7 5. e3 Be7 6. Bd3 O-O 7. Nbd2 h6 8. Bh4 d5 9. O-O Nbd7 10. Rc1 c5 11. cxd5 {D30: Queen's Gambit Declined: Systems without Nc3.} Nxd5 12. Bxe7 Qxe7 13. a3 {The position is equal.} Rac8 {[#]} 14. Bb1 $146 ({Predecessor:} 14. Qa4 a6 15. Bb1 g6 16. dxc5 Nxc5 17. Qg4 Nf6 18. Qf4 Kg7 19. Ne5 Rfd8 20. Ndf3 {0-1 (27) Aoyama,E (1775)-Cabral,G Sao Paulo 2007}) 14... cxd4 15. Rxc8 Rxc8 16. Nxd4 Ba6 17. Re1 Nc5 18. Ne4 Bb7 19. Ng3 Nf6 20. e4 g6 (20... Rd8 $15) 21. e5 $11 Nd5 {...Nf4 is the strong threat.} 22. Qd2 Kg7 (22... Qg5 $11 23. Qxg5 hxg5) 23. b4 $16 Na4 24. Ne4 Nac3 25. Nd6 Nxb1 26. Rxb1 Rd8 27. f4 {Strongly threatening f5!} Rd7 $2 {[#]} (27... Kg8 $14) 28. Rc1 $2 ({White has to play} 28. f5 $1 $18 {[%mdl 512] aiming for f6+.} Qg5 (28... exf5 29. N6xf5+) 29. Qxg5 hxg5 30. fxe6 fxe6 31. Nxe6+ Kh6 32. Rf1) 28... h5 $2 {[%mdl 8192] [#]} (28... Kg8 $14) 29. Qf2 $2 (29. f5 $1 $18 {[%mdl 512] And now f6+ would win.} Kg8 (29... exf5 30. N6xf5+) 30. Nxb7 Rxb7 31. Rc8+ Kh7 32. f6 Nxf6 33. exf6 Qxf6 34. Nf3) 29... Kg8 30. b5 Rxd6 31. exd6 Qxd6 {[%mdl 64] Double Attack} 32. Ne2 Qxa3 {White must now prevent ...Qb2.} 33. Qd4 Qd6 (33... Qb3 $11 {keeps the balance.}) 34. Rd1 ({White should play} 34. Ra1 $16) 34... Qc7 35. h3 (35. Ra1 $14) 35... a6 36. bxa6 Bxa6 37. Ng3 Qxf4 (37... Nxf4 {is more complex.} 38. Qd8+ Qxd8 39. Rxd8+ Kg7 40. Rb8 Nd5) 38. Qxf4 Nxf4 $15 {[%mdl 4096] Endgame KRN-KBN} 39. Kf2 Bb7 40. Rb1 Nxg2 ({Black should try} 40... Bxg2 $17 41. h4 Kg7 42. Rxb6 Kf6) 41. Rxb6 $11 Bd5 42. Rb5 (42. Rb4 $11 {remains equal.}) 42... Nf4 $17 43. h4 Kg7 44. Ne2 $2 {[%mdl 8192]} (44. Ra5 $17) 44... Nxe2 $19 45. Kxe2 Bc4+ {[%mdl 64] Double Attack. Black used his chance. Accuracy: White = 39%, Black = 54%.} 0-1

[Event "47th GER-ch Blitz 2020"]
[Site "Magdeburg"]
[Date "2020.08.15"]
[Round "20.10"]
[White "Braun, Georg"]
[Black "Reichmann, Hendrik"]
[Result "1-0"]
[WhiteElo "2360"]
[BlackElo "2348"]
[Annotator "TA"]
[PlyCount "59"]
[EventDate "2020.07.28"]
[EventType "tourn"]
[EventCountry "GER"]
[SourceTitle "playchess.com"]
[Source "ChessBase"]
[SourceQuality "1"]

{[%evp 9,58,44,77,26,108,93,149,134,201,138,152,145,352,334,392,267,416,399,633,613,1038,1013,1325,1295,1418,1447,1341,1127,1379,1291,1142,1122,1068,1063,1796,1814,2261,2214,2542,2448,29978,29979,29979,29980,29989,29990,29993,29994,29997,29998,29999]} 1. e4 g6 2. d4 Bg7 3. Nc3 d6 4. Be3 a6 5. h4 h6 6. f4 {[#] B06: Modern Defence.} (6. Qd2 $16) 6... b5 $146 {[#]} (6... h5 $11 {keeps the balance.}) ({Predecessor:} 6... h5 7. Bd3 Bg4 8. Qd2 Nd7 9. Nge2 Rc8 10. O-O c5 11. dxc5 Nxc5 12. Rae1 Nf6 13. f5 Nxd3 14. cxd3 {0-1 (40) Moussard,J (2576)-Kamsky,G (2673) Biel 2019}) 7. h5 $1 $16 gxh5 {[#]} ({Black should play} 7... b4) 8. e5 $1 {White is clearly better.} (8. Qxh5 $6 Nf6 $14) (8. Rxh5 b4 $11) 8... e6 (8... dxe5 $16 9. dxe5 (9. fxe5 c5 $16) 9... Qxd1+ 10. Rxd1 Bg4) 9. Qxh5 Ne7 10. Bd3 c5 $2 {Loses the game.} (10... Nbc6 $16) 11. dxc5 dxe5 12. O-O-O Qa5 (12... Qc7 {might work better.} 13. Nf3 Nbc6 14. fxe5 Nd5) 13. fxe5 $18 b4 (13... Nbc6 $142 14. Nf3 Ra7) 14. Ne4 {aiming for Nd6+.} Qxa2 {and the idea ...Nf5 leaves Black hopeful.} 15. Nd6+ {[%mdl 64] Double Attack} Kd7 16. Be4 Qa1+ 17. Kd2 Qxb2 18. Bxa8 Bxe5 19. Nf3 Bc3+ 20. Ke2 {Intending c6+! and mate.} Qxc2+ 21. Nd2 Rg8 22. Be4 Qa2 23. Qxf7 Nbc6 24. Rxh6 Kc7 25. Bxc6 {White mates.} Kxc6 26. Qxe7 Rxg2+ {[#]} 27. Kf1 $1 Bxd2 28. Qe8+ ({Worse is} 28. Nxc8 Qc4+ 29. Kxg2 Qe4+ 30. Kh3 (30. Kh2 Qe5+ 31. Kh1 Qe4+ 32. Kh2 Qe5+ 33. Kh3 Qxe3+ 34. Kh2 Qe2+ 35. Kh3 Qe3+ 36. Kg4 Qe2+ 37. Kh4 Qh2+ 38. Kg4 Qf4+ 39. Kh3 Qf3+ {[%mdl 64] Double Attack} 40. Kh4 Qf4+ 41. Kh3 Qf3+ {[%mdl 64] Double Attack} 42. Kh4 Qf4+ 43. Kh3 $11) 30... Qxe3+ 31. Kg4 Qf4+ 32. Kh3 Qf3+ {[%mdl 64] Double Attack} 33. Kh4 Qf4+ 34. Kh3 (34. Kh5 $2 Qxh6+ 35. Kg4 Qf4+ 36. Kh5 Qf5+ 37. Kh4 Qf4+ 38. Kh5 Qf3+ 39. Kg6 Qxd1 $19) 34... Qf3+ {[%mdl 64] Double Attack} 35. Kh4 Qf4+ 36. Kh3 $11 (36. Kh5 $2 Qxh6+ 37. Kg4 Qf4+ 38. Kh5 Qf3+ 39. Kg6 Qxd1 $19)) 28... Kd5 29. Rh5+ e5 30. Rxe5# {Accuracy: White = 73%, Black = 17%.} 1-0